000 00722nam a2200205 i 4500
001 141571
003 ES-MaACL
005 20230906200324.0
007 t|
008 070925s1958 sp ||||1| spa d
080 _a686.7(03)
245 0 0 _aEnciclopedia canina /
_cpublicada bajo la dirección de G. M. Villenave ; con la colaboración de Edmond Dechambre ; [traducción de Juan José Permanyer].
260 _aBarcelona :
_bNoguer,
_c1958.
300 _a232 p. :
_bil. ;
_c22 cm.
650 4 _aPerros-
_vEnciclopedias.
_915963
700 1 _aVillenave, G. M.
_9115246
700 1 _aDechambre, Edmond.
_943157
700 1 _aPermanyer y Ayats, Juan José (
_d1848-1919)
_9131031
852 _aES-MaACL
_jC-13792
_bR.41621
999 _c141571
_d141571